MDQL
is popping MORE tags! Check the
thread
!
Quizzes
Events
Quiz Creation
Community
Videos
Private Events
Remove Ads
Sign In
Join for FREE
Feedback
Dark Mode
Quiz Categories
Sports
Geography
Music
Movies
Television
Just For Fun
Miscellaneous
History
Literature
Language
Science
Gaming
Entertainment
Religion
Holiday
For Kids
Quiz Lab
Recent
Popular Today
Quiz Kudos Today
Editor Picks
Curator Picks
Quizzes by...
Day
Popularity
Type
Ratings
Length
Year
Community
Subscriptions
Recent Discussions
Orange Saloon
Badges
Playlists
Quests
Create
Leaderboards
Showdown
Live 5
Trivia Bingo
Activity
Puzzle Library
Sporcle Events
Private Events
Virtual Trivia
Globe League
Become a Host
Pub Owners
SporcleCon
Opinionation
Our Games
Videos
Blog
Mobile Apps
Partnerships
Remove Ads and Go Orange
Feedback
Gaming
Video Games
Board Games
Card Games
Pokémon
Mario
Nintendo
Minecraft
Console
Toys
Legend of Zelda
Gaming
Video Games
Board Games
Card Games
Pokémon
Mario
Nintendo
Minecraft
Console
Toys
Legend of Zelda
Random Quiz
Search Sporcle
×
Quiz Lab
Quiz Lab
Gaming
Quote
Type in answers that appear in a list
Type in answers that appear in a list
Classic
Best Score? Go Orange.
Final Fantasy Tactics - Ability by Quote Stats
Can you name the FFT spells and abilities by their quotes?
By
Kazaxat
20m
110 Questions
436 Plays
436 Plays
436 Plays
Comments
Comments
Give Quiz Kudos
Give Quiz Kudos
-
- Ratings
hide this ad
More Info
Forced Order
Answers have to be entered in order
Answers have to be entered in order
Replay
Link that replays current quiz
Next Quiz
Link to next quiz in quiz playlist
You Got
0%
They Got
Avg Score
36%
Avg Friend Score
Upgrade to see
Score Distribution
Jump to the score distribution portion of the page
Score
0/110
Timer
20:00
0
Plays Today
Quote
Ability
% Correct
Life's refreshing breeze, blow in energy!
Cure
83.9%
Life is short...Bury!
Stasis Sword
81.4%
Out of the ground, raze all greenery with flame!
Fire 2
72.9%
Bear down with land energy!
Titan
69%
Mighty breeze, heal from the sky!
Cure 4
64.7%
Freezing wind, speak of forgotten truths!
Ice 3
63.8%
Kupo! Round and round you go!
Moogle
62.4%
Swirling bolts, gather and strike with power!
Bolt 2
60.6%
Spirits of life, return to us!
Raise
58.5%
Time's current, place me in your whirlpool!
Haste 2
57.8%
Silent light, shield from evil!
Shell
56.2%
Star fire, awake and deliver your judgement!
Fire 3
56.2%
Sea fang, attack with water's power!
Leviathan
55%
Master of all swords, cut energy!
Night Sword
54.8%
Pure light, shine on bloody impurity!
Holy
54.6%
Destruction of nature, gather in flame!
Fire
54.6%
King of flames, burn into cinders!
Ifrit
54.4%
Know, live, become a frog!
Frog
53.9%
Burning anger rising...Burst!
Wave Fist
53%
Life's refreshing breeze, heal from the sky!
Cure 2
51.6%
Smouldering flames far below, punish the wicked!
Fire 4
51.6%
Death gods craving live, take their souls!
Death
51.6%
Strip away the ground with glistening blades!
Bolt
50.9%
Spirits of life, give a new life to the soul!
Raise 2
50.5%
Time, rest and give your kindness to the worthy!
Slow
50.2%
Precious light, be our armor to protect us!
Protect
50%
Heavenly Bolts, come bring God's justice!
Bolt 3
50%
Enduring light, shield from roaring magic!
Shell 2
48.9%
Shining light, protect from all directions!
Protect 2
48.4%
Fight for justice...fists of fury!
Repeating Fist
47.9%
Earth-
minded soul, protect us!
Golem
47.7%
Layer upon layer make your mark now...
Haste
47.5%
Filthy blood of revenge, inject!
Poison
46.1%
Absorb power in the sky and strike!
Lightning Stab
46.1%
Blessing breeze, blow in energy!
Cure 3
44.7%
Scatter your chilly sharp blades!
Ice
44.7%
Effortless water, break your silence, attack!
Ice 4
44%
Quote
Ability
% Correct
Scorch with dragon flame!
Bahamut
43.6%
Time has come...crash down on the wicked!
Meteor
42.9%
Spirits of time, hide us from the judging hand of God!
Stop
42.2%
Obey the sky's will, slow time down!
Slow 2
41.5%
Wind, fade to silence and light, give us power!
Shiva
41.3%
The doom of a planet...
Crush Punch
41.1%
Heaven's wish to destroy all minds...
Holy Explosion
40.4%
Inscript the Dark god into a rotting body!
Flare
40.1%
Summon all ghosts of the sword! Attack!
Muramasa
39.7%
Earth's anger running through my arms!
Earth Slash
39.7%
Death song, death door, death river awaiting!
Lich
39.4%
Master of creation, impart thy help!
Ramuh
38.3%
Inject life's energy!
Reraise
37.2%
Destiny lies in my hands! Stop movement!
Galaxy Stop
37.2%
Drifting breeze, come down with fury!
Ice 2
36.7%
Share lives with all things in nature...
Regen
36%
The devil's spirit of restlessness...
Split Punch
35.8%
Brush off vanity and show reality!
Ultima
34.9%
Evil flames, entrust your power to us!
Salamander
33.9%
Dead or alive...slash magic power!
Dark Sword
33.7%
All light fall into darkness! Bound darkness!
Blind
33.3%
Armor won't help the heart stay sharp...
Shellbust Stab
32.6%
Revenge with dark-
evil spell!
Demi
32.3%
God is watching...have faith!
Pray Faith
32.1%
Scatter frozen blades of air!
Cyclops
32.1%
Shiny crystal light, energize!
Fairy
31.4%
Attack by the Master of commandments!
Zodiac
31%
Restore lost time in the spiral line...
Quick
30.7%
Angry spirits of the world, strike now!
Bolt 4
30.5%
Windy god, strike enemies silent!
Silf
30%
Slash away with the Land's fury!
Odin
29.8%
Suffering spirits, to eternity! Break Seal!
Petrify
29.6%
Heavenly wind, carry us to the fountain of power!
Esuna
28.9%
Cast down to hell with your fingers!
Secret Fist
28.9%
Innocent sword, slash evils and protect!
Kiyomori
26.6%
Great tree of life, inject rotten extract!
Zombie
26.6%
Lose conscious, wash away into the silent sea...
Sleep
26.6%
Quote
Ability
% Correct
Impart light to fight our holy war!
Carbunkle
26.6%
Nihilistic sky, inhale magic power...
Bizen Boat
25.7%
Sword of fury, inject power!
Masamune
25%
Conjurors, seek truth in silence...
Silence Song
24.5%
Disaster cries out to smash all...
Icewolf Bite
24.5%
No more loss of precious life...
Murasame
24.3%
Black sheep of evil times, cover our light!
Demi 2
23.9%
Land of all lives, suppress all rebels!
Don't Move
23.4%
Deadly rumbles, strike from the sky!
Heaven Thunder
22%
Land of mercy, loosen tight fists!
Float
21.8%
Cowards, weak, those rushing to die!
Foxbird
21.6%
Spell break, turn into an avenging light!
Reflect
20.9%
Flames, gather and destroy!
Asura
20.6%
Yagumo rising, all who know god!
Heaven's Cloud
20.4%
Curses from all directions!
Blastar Punch
20.4%
Destroy evil magic!
Magic Ruin
20.4%
Flame-
eating sword, swipe away the evils!
Chirijiraden
20%
Mindless, spiritless, hear the immutable beat...
Paralyze
19.7%
Destroy all time!
Speed Ruin
19.5%
Demolish weapons with fury!
Hellcry Punch
18.8%
Legendary sword that kills freely!
Asura
17.9%
Evil souls of the dark, gather here...
Koutetsu
17.9%
Stop with a mighty blow!
Power Ruin
17.9%
Brave weapon, turn to a deadly blaze!
Kikuichimoji
16.3%
Ancient light, rise and revive!
Wall
16.3%
Seek the true tone to form our will...
Doubt Faith
14.9%
Reason with confusion, judge with recklessness...Brave Insanity!
Blind Rage
14.7%
Destroy magic attack power!
Mind Ruin
14.7%
Lost energy...raise the heart rate!
Life Drain
14%
Cut open the water filled skies and pour!
Hydragon Pit
13.8%
Guiding light, shed magic power from above!
Spell Absorb
12.8%
Smash all hunger for destruction...
Confusion Song
12.4%
All is illusion after this evening bell!
Space Storage
12.4%
Clear with a mighty breeze!
Diamond Sword
12.2%
Underground souls, rumble! Quake!
Sky Demon
10.8%
Illusions, lies, to heaven!
Dispel Magic
10.1%
Quiz Playlist
Details
Report
Send in Message
Add To Playlist
More Info:
Includes guest skill sets. Enemy sets removed.
Classic:
Type in answers that appear in a list
Forced Order:
Answers have to be entered in order
Quiz Source
Last Updated: Feb 16, 2017
Quiz Scoreboard
CHALLENGE
Sign Up to Join the Scoreboard
Show All
Scores
Hide
Comments
May contain spoilers
Recently Published
Holiday 10x10 Sorting Gallery
by lukepisani3
Holiday
15m
Two Season TV Shows II
by 123Four
Television
10m
Image Sorting: Flags VI
by Barbecue
Geography
2m
More to Explore
Quiz From the Vault
Featured Blog Post
14 Easter Pick-up Lines to Find Eggs With
hide this ad
You Might Also Like...
Tags
Quote Quiz
Video Games Quiz
Ability
Fantasy
fft
FF Tactics
final
Final Fantasy
tactic
Today's Top Quizzes in Gaming
Browse Gaming
hide this ad
Today's Top Quizzes in Quote
Browse Quote
Top Contributed Quizzes in Gaming
1
League of Legends Pro Players by Career/Team History
2
Genshin Impact Logic Puzzle
3
Destiny 2 exotic weapons by perk icons
4
Genshin Impact Logic Puzzle Quiz
5
Genshin murder mystery
6
4x4 Decades: Video Games
7
Who's on the WWE 2K24 Cover?
8
Ultimate Genshin Impact Logic Puzzle (up to 4.3)
9
Dead By Daylight Logic Puzzle
10
Undertale Logic Puzzle
Explore More
Trending Topics
Marvel
Crossword
Anime
Kpop
Disney
Harry Potter
NBA
Country
Song
Soccer
NFL
Pokémon
WWE
The Office
Puzzle
hide this ad
More By:
Kazaxat
Quiz
Plays
Rating
Category
Featured
Created
Video Game by Final Boss
59,417
4.10
Gaming
Aug 6, 2013
16 Famous Rodents
44,888
4.48
Entertainment
May 13, 2015
Magic: The Gathering - Set Symbols (Picture Click)
40,210
4.91
Gaming
Jun 4, 2016
Video Game-ception
28,851
4.68
Gaming
Feb 20, 2015
Word Ladder: Memes
21,422
4.10
Just For Fun
Jan 7, 2012
Go to Creator's Profile
Score Distribution
Quiz Creator Spotlight
Kazaxat
Follow
Send a Message
Quizzes Created
-
Created Quiz Play Count
-
More By This Creator
Popular Quizzes Today
1
Find the US States - No Outlines Minefield
2
Colored Red Africa Blitz
3
Find the 'City' Movie
4
The Countries of the World
5
5x2 Blitz: Bands
6
Find the US States
7
Find the Countries of Europe - No Outlines Minefield
8
US States
More Gaming Quizzes
Minecraft Trivia
Quiz Lab
Trending Quizzes
Colored Red Europe Blitz I
Colored Red Europe Blitz II
Colored Red Africa Blitz II
Colored Red Europe Blitz III
Colored Red Africa Blitz III
Recently Updated
Odd Team Out - Big 4 Players
pecheneg
Quick Pick: 20 Twenties
pecheneg
March Madness Men's Triple Doubles
pecheneg
How Do You Spell That?
pecheneg
Godzilla Movies
pecheneg
Grab Bag: 4-10 Letters
pecheneg
2024 March Madness Bracket
pecheneg
Famous TV Couples
Peacemaker
Champions League XIs: Real Madrid
pecheneg
Largest US Cities 1790-2010
pecheneg
Trending Topics
Harry Potter
Kpop
NBA
Anime
Disney
Marvel
Crossword
Country
WWE
Puzzle
NFL
The Office
Song
Pokémon
Soccer
Your Account Isn't Verified!
In order to create a playlist on Sporcle, you need to verify the email address you used during registration. Go to your
Sporcle Settings
to finish the process.
Report this User
Report this user for behavior that violates our
Community Guidelines
.
Details:
Send Report
Go to the Sporcle.com Mobile Site →
Comments